| 000 | 01301nam a2200277 i 4500 | ||
|---|---|---|---|
| 003 | DO-SdBNP | ||
| 005 | 20260303141955.0 | ||
| 007 | ta | ||
| 008 | 260303b2000 dr ||||| |||| 00| 0 spa d | ||
| 020 | _a9993401390 | ||
| 040 |
_aDO-SdBNP _bspa _cBNPHU _erda |
||
| 041 | _aspa | ||
| 082 | 4 |
_axxx _bD473e _222 |
|
| 100 | 1 |
_aDespradel, Carlos _d1942- _eautor _4aut. _99280 |
|
| 245 | 1 | 3 |
_aLa economía dominicana en la globalización / _cCarlos Despradel ; diseño y arte final Ninón León de Saleme. |
| 264 |
_aSanto Domingo, República Dominicana : _bEditora Amigo del Hogar, _c2000. |
||
| 300 |
_a405 páginas ; _c22 cm |
||
| 336 |
_atexto _btxt _2rdacontent |
||
| 337 |
_asin mediación _bn _2rdamedia |
||
| 338 |
_avolumen _bnc _2rdacarrier |
||
| 505 | _aIntroducción, 13 -- Primera parte. La República Dominicana ante la Globalización y la Integración Económica, 19 -- Segunda parte. Las Reformas del Régimen Tributario y Arancelario Dominicano, 105 -- Tercera parte. Las Políticas Monetaria, Cambiaria y Fiscal, Bases de la Estabilidad Económica, 165 -- Cuarta parte. El Comportamiento de la Economía Dominicana y los Sectores Productivos, 297. | ||
| 590 | _aInventariado, 2026 /LP | ||
| 700 | 1 |
_aLeón de Saleme, Ninón, _ediseñador _4di. _91566 |
|
| 910 | _aLP | ||
| 942 |
_2ddc _cLBS1 |
||
| 999 |
_c60414 _d60414 |
||